| 000 | 00493nam a22001817a 4500 | ||
|---|---|---|---|
| 999 |
_c526399 _d526399 |
||
| 003 | NUST | ||
| 005 | 20190711070335.0 | ||
| 038 | _aFaiza | ||
| 082 |
_a891.4911 _bSAD |
||
| 100 |
_aMuhammad Saddique Hussain _917395 |
||
| 245 |
_aRehmatan di Bahar / _cMuhammad Saddique Hussain |
||
| 260 |
_aJehlum: _bBook Corner, _cN.D |
||
| 300 | _a120p. ; | ||
| 500 | _aHard cover | ||
| 880 |
_6100-01\r _aمحمد صدیق حسین |
||
| 880 |
_6245-02\r _a /رحمتاں دی بہار |
||
| 942 |
_2ddc _cBK |
||